[Event "Knighthood Blitz"]
[Site "Vishy Anand Arena"]
[Date "2020.08.01"]
[Round "3"]
[White "RACEKING"]
[Black "CREATOR 1198"]
[Result "0-1"]
[WhiteElo "2392"]
[BlackElo "2374"]
[Annotator "NA"]
[PlyCount "170"]
[EventDate "2020.08.01"]
[EventType "swiss (blitz)"]

1. c4 c6 2. Nf3 d5 3. d4 Nf6 4. Nc3 dxc4 5. e4 b5 6. Be2 b4 7. Na4 Nxe4 8. Bxc4 e6 9. O-O Be7 10. Re1 Nf6 11. Ne5 O-O 12. Bg5 a5 13. Nc5 Nd5 14. Bxe7 Qxe7 15. Qh5 Rd8 16. Rad1 Nf6 17. Qh4 Ra7 18. Rd3 Rd6 19. Rh3 h6 20. Rg3 Kf8 21. Rf3 Kg8 22. Rg3 Kf8 23. Qf4 Na6 24. Ne4 Rxd4 25. Nxc6 Qc7 26. Qxc7 Rxc7 27. Nxd4 Nxe4 28. Rxe4 Rxc4 29. Rge3 Nc5 30. b3 Nxe4 31. bxc4 Nc3 32. Nc6 Nxa2 33. Rd3 g5 34. Rd8+ Kg7 35. Rxc8 a4 36. Ra8 b3 37. Rb8 Nc1 38. Nd4 e5 39. Nb5 b2 40. Na3 Nb3 41. c5 Nxc5 42. Rxb2 Kf6 43. Rb5 Nd3 44. Ra5 Nb2 45. Ra6+ Kf5 46. f3 h5 47. Kf2 g4 48. Rb6 Nd3+ 49. Ke3 Nf4 50. fxg4+ hxg4 51. Kf2 Nd3+ 52. Kg3 Nf4 53. Rb5 Ne2+ 54. Kf2 Nc3 55. Ra5 Ne4+ 56. Ke3 Nc3 57. Nc4 f6 58. Nd6+ Ke6 59. Ne4 Nd5+ 60. Rxd5 Kxd5 61. Nc3+ Kc4 62. Nxa4 f5 63. Nb2+ Kd5 64. Nd3 Ke6 65. h3 gxh3 66. gxh3 Kf6 67. Nf4 Kg5 68. Nd3 e4 69. Nf4 Kh4 70. Nd5 Kxh3 71. Ne7 Kg4 72. Nxf5 Kxf5 73. Ke2 Kf4 74. Kf2 Ke5 75. Ke2 Kd5 76. Kd2 Kd4 77. Ke2 e3 78. Ke1 Kd3 79. Kd1 Ke4 80. Ke1 Kf4 81. Kf1 Kf3 82. Ke1 e2 83. Kd2 Kf2 84. Kd3 e1=Q 85. Kc4 Qe3 0-1

[Event "Knighthood Blitz"]
[Site "Vishy Anand Arena"]
[Date "2020.08.01"]
[Round "3"]
[White "MasteredUI"]
[Black "Swayham"]
[Result "1-0"]
[WhiteElo "2358"]
[BlackElo "1924"]
[PlyCount "119"]
[EventDate "2020.08.01"]
[EventType "swiss (blitz)"]

1. d4 d5 2. c4 c6 3. Nf3 Nf6 4. e3 e6 5. b3 Nbd7 6. Bb2 Be7 7. Bd3 b6 8. O-O Bb7 9. Nc3 Qc7 10. Rc1 Rc8 11. Qc2 Qb8 12. Ne5 Nxe5 13. dxe5 Nd7 14. cxd5 cxd5 15. f4 Bc5 16. Qe2 d4 17. exd4 Bxd4+ 18. Kh1 Qa8 19. Nb5 Bc5 20. b4 Be7 21. Nc7+ Rxc7 22. Rxc7 Nb8 23. Bb5+ Nc6 24. Rc1 O-O 25. R7xc6 Bxc6 26. Bxc6 Qd8 27. Rd1 Qc8 28. b5 Bc5 29. Bd4 Rd8 30. Bxc5 bxc5 31. h3 h6 32. Rd6 Qc7 33. Qd2 Rb8 34. Rd7 Qb6 35. f5 exf5 36. Qd5 Rf8 37. e6 Qa5 38. Rxf7 Qe1+ 39. Kh2 Rxf7 40. exf7+ Kf8 41. Qxc5+ Kxf7 42. Qxf5+ Kg8 43. Bd5+ Kh8 44. Qf8+ Kh7 45. Bg8+ Kg6 46. Qf7+ Kg5 47. Qxg7+ Kf5 48. Bh7+ Kf4 49. Qf6+ Ke3 50. Qe5+ Kd2 51. Qxe1+ Kxe1 52. a4 Kd2 53. a5 Kc3 54. b6 Kb4 55. bxa7 Kc5 56. a8=Q Kb5 57. a6 Ka4 58. a7 Ka5 59. Qb7 Ka4 60. a8=Q# 1-0

[Event "Knighthood Blitz"]
[Site "Vishy Anand Arena"]
[Date "2020.08.01"]
[Round "3"]
[White "Fidodido"]
[Black "VugarAsadli"]
[Result "0-1"]
[WhiteElo "2340"]
[BlackElo "2255"]
[PlyCount "116"]
[EventDate "2020.08.01"]
[EventType "swiss (blitz)"]

1. d4 Nf6 2. c4 e6 3. Nf3 b6 4. a3 Bb7 5. Nc3 g6 6. Bg5 Bg7 7. Qc2 h6 8. Bh4 O-O 9. h3 d5 10. cxd5 exd5 11. e3 c5 12. Be2 Nc6 13. dxc5 bxc5 14. O-O d4 15. Na4 dxe3 16. Nxc5 exf2+ 17. Bxf2 Bc8 18. Rad1 Qe7 19. Bb5 Ne5 20. Nxe5 Qxe5 21. Bd4 Qg5 22. Qd2 Qxd2 23. Rxd2 Rd8 24. Rdd1 Bf5 25. Bc3 Ne4 26. Nxe4 Bxe4 27. Rxd8+ Rxd8 28. Bc4 Bf5 29. Bxg7 Kxg7 30. Rf2 h5 31. Re2 Kf6 32. Kf2 h4 33. a4 Rd4 34. b3 Rf4+ 35. Ke3 Re4+ 36. Kd2 Rxe2+ 37. Bxe2 a5 38. Kc3 Be4 39. Bf1 Ke5 40. b4 axb4+ 41. Kxb4 Kf4 42. Kc5 Kg3 43. a5 Kf2 44. Bc4 Bxg2 45. a6 g5 46. a7 g4 47. hxg4 h3 48. Bxf7 h2 49. g5 h1=Q 50. g6 Qc1+ 51. Kd6 Qf4+ 52. Ke7 Qd4 53. Kf8 Qh8+ 54. Bg8 Qf6+ 55. Bf7 Bd5 56. Kg8 Qxg6+ 57. Kh8 Bxf7 58. a8=Q Qh6# 0-1

[Event "Knighthood Blitz"]
[Site "Vishy Anand Arena"]
[Date "2020.08.01"]
[Round "3"]
[White "Fighter64"]
[Black "Vignesh nr"]
[Result "1/2-1/2"]
[WhiteElo "2319"]
[BlackElo "2355"]
[Annotator "NA"]
[PlyCount "126"]
[EventDate "2020.08.01"]
[EventType "swiss (blitz)"]

1. e4 e5 2. Nf3 Nc6 3. Bb5 a6 4. Bxc6 dxc6 5. O-O Bg4 6. h3 h5 7. d3 Qf6 8. Be3 Bxf3 9. Qxf3 Qxf3 10. gxf3 Bd6 11. Kh2 f6 12. Rg1 Kf7 13. Nd2 Ne7 14. Nc4 g5 15. h4 gxh4 16. Kh3 Ng6 17. Rg2 b6 18. Rag1 Rhg8 19. Bd2 a5 20. a4 b5 21. axb5 cxb5 22. Nxa5 Rxa5 23. Bxa5 Nf4+ 24. Kh2 Nxg2 25. Rxg2 Ra8 26. Bd2 Ra2 27. Bc1 Bc5 28. Kh3 Ra1 29. Be3 Bxe3 30. fxe3 Rf1 31. Kxh4 Rxf3 32. Kxh5 Rxe3 33. Kg4 c5 34. Rh2 c4 35. Rh7+ Ke6 36. Rb7 cxd3 37. cxd3 Rxd3 38. Rxb5 Re3 39. Rb4 Kf7 40. Kf5 Rf3+ 41. Kg4 Rf4+ 42. Kg3 Kg6 43. Rc4 Kg5 44. b4 f5 45. b5 fxe4 46. Rc3 Rf6 47. Rb3 Rb6 48. Kf2 Kf4 49. Rb4 Rh6 50. b6 Rh2+ 51. Kg1 Rh8 52. b7 Rb8 53. Kf2 Kf5 54. Rb6 e3+ 55. Kxe3 e4 56. Kd4 e3 57. Kxe3 Ke5 58. Rb5+ Kd6 59. Kd4 Kc6 60. Kc4 Kc7 61. Rc5+ Kxb7 62. Rb5+ Ka7 63. Rxb8 Kxb8 1/2-1/2

[Event "Knighthood Blitz"]
[Site "Vishy Anand Arena"]
[Date "2020.08.01"]
[Round "3"]
[White "Johncking"]
[Black "Narayanansl"]
[Result "0-1"]
[WhiteElo "2306"]
[BlackElo "2647"]
[Annotator "TA"]
[PlyCount "84"]
[EventDate "2020.08.01"]
[EventType "swiss (blitz)"]

1. e4 c5 2. Nf3 e6 3. d4 cxd4 4. Nxd4 Nc6 5. Nc3 Qc7 6. g3 a6 7. Bg2 Nf6 8. O-O h5 9. h3 Bc5 10. Nxc6 bxc6 11. e5 Qxe5 12. Bf4 Qf5 13. Re1 Be7 14. Re5 Qh7 15. Ne4 d5 16. Ng5 Qg6 17. Qd2 Nd7 18. Ree1 O-O 19. Nf3 Bb7 20. c4 Rac8 21. h4 Rfd8 22. Rad1 c5 23. Qa5 Bf6 24. Ne5 Nxe5 25. Bxe5 Bxe5 26. Rxe5 Qc2 27. Qe1 Qxc4 28. Rxh5 Re8 29. Re5 Qb4 30. Qe2 d4 31. h5 Bxg2 32. Kxg2 Qb7+ 33. Kh2 Kf8 34. Re1 c4 35. Qg4 d3 36. Rg5 Qxb2 37. Kg2 d2 38. Ree5 Red8 39. Rxg7 Qxe5 40. h6 d1=Q 41. Rg8+ Ke7 42. Qh4+ Qf6 0-1

[Event "Knighthood Blitz"]
[Site "Vishy Anand Arena"]
[Date "2020.08.01"]
[Round "3"]
[White "Altomisayoc"]
[Black "Gingeekannan"]
[Result "1-0"]
[WhiteElo "2239"]
[BlackElo "1501"]
[PlyCount "45"]
[EventDate "2020.08.01"]
[EventType "swiss (blitz)"]

1. d4 Nf6 2. Nf3 g6 3. Nbd2 Bg7 4. e4 d6 5. Bb5+ c6 6. Bd3 O-O 7. O-O e5 8. c3 Bg4 9. Re1 Nbd7 10. a4 Qe7 11. h3 Bxf3 12. Nxf3 c5 13. dxe5 Nxe5 14. Bf1 Nxf3+ 15. Qxf3 Nd7 16. Bf4 Ne5 17. Qe2 Rad8 18. Rad1 Rd7 19. Rd5 Re8 20. Red1 Bf8 21. Bxe5 Red8 22. Bf4 Qe6 23. Qf3 1-0

[Event "Knighthood Blitz"]
[Site "Vishy Anand Arena"]
[Date "2020.08.01"]
[Round "3"]
[White "Acxea"]
[Black "Arya321_dm"]
[Result "1-0"]
[WhiteElo "2235"]
[BlackElo "1602"]
[Annotator "NA"]
[PlyCount "81"]
[EventDate "2020.08.01"]
[EventType "swiss (blitz)"]

1. e4 e6 2. d3 d5 3. Nd2 Nf6 4. Ngf3 b6 5. e5 Nfd7 6. g3 Be7 7. Bg2 c5 8. O-O O-O 9. Re1 Nc6 10. Nf1 b5 11. h4 h6 12. N1h2 a5 13. Ng4 b4 14. Bf4 Ba6 15. Qd2 h5 16. Ngh2 Rb8 17. Ng5 a4 18. Qe2 g6 19. g4 Nd4 20. Qd1 hxg4 21. Nxg4 Nf5 22. c4 bxc3 23. bxc3 Kg7 24. Qd2 Rh8 25. Nf3 a3 26. Rab1 Rxb1 27. Rxb1 Rh5 28. Ne3 Nxh4 29. Nxh4 Rxh4 30. Bg3 Rh5 31. Bf3 Rxe5 32. Bxe5+ Nxe5 33. Bg2 Bxd3 34. Re1 Bg5 35. Qd1 Ba6 36. Nxd5 Nd3 37. Re3 Nf4 38. Qg4 exd5 39. Re1 Nd3 40. Rd1 Nb2 41. Re1 1-0

[Event "Knighthood Blitz"]
[Site "Vishy Anand Arena"]
[Date "2020.08.01"]
[Round "3"]
[White "Superind2002"]
[Black "Gamechanger"]
[Result "1-0"]
[WhiteElo "2231"]
[BlackElo "2124"]
[Annotator "NA"]
[PlyCount "47"]
[EventDate "2020.08.01"]
[EventType "swiss (blitz)"]

1. e4 c6 2. d4 d5 3. e5 Bf5 4. Nf3 e6 5. Be2 Nd7 6. O-O c5 7. c4 Ne7 8. Na3 a6 9. dxc5 Nxc5 10. Be3 Ne4 11. cxd5 Nxd5 12. Nd4 Nxe3 13. fxe3 Bxa3 14. Qa4+ b5 15. Qxa3 Bg6 16. Nxb5 Qe7 17. Nd6+ Nxd6 18. exd6 Qd7 19. Bd1 O-O 20. Ba4 Qa7 21. Rac1 Rac8 22. d7 Rxc1 23. Rxc1 Qb8 24. Qxf8+ 1-0

[Event "Knighthood Blitz"]
[Site "Vishy Anand Arena"]
[Date "2020.08.01"]
[Round "3"]
[White "Lightsaber"]
[Black "FedoseevVladimir"]
[Result "0-1"]
[WhiteElo "2220"]
[BlackElo "2674"]
[Annotator "TA"]
[PlyCount "158"]
[EventDate "2020.08.01"]
[EventType "swiss (blitz)"]

1. d4 Nf6 2. c4 e6 3. Nc3 Bb4 4. e3 O-O 5. Bd2 d5 6. Nf3 Bd6 7. cxd5 exd5 8. Bd3 c6 9. O-O Re8 10. Qc2 Qe7 11. Rae1 Ne4 12. Bc1 Bf5 13. Nd2 Nd7 14. Ne2 Bg6 15. Nf4 Ndf6 16. Nxg6 hxg6 17. f3 Ng3 18. Rf2 Nfh5 19. e4 Qh4 20. e5 Bb4 21. a3 Ba5 22. b4 Bb6 23. Nb3 Bxd4 24. Nxd4 Qxd4 25. hxg3 Nxg3 26. f4 Qb6 27. Re3 Nf5 28. Bxf5 gxf5 29. Qxf5 a5 30. Rg3 Re6 31. Qh5 Qd4 32. Be3 Qe4 33. f5 Qxe5 34. Qg4 Qa1+ 35. Rf1 Re4 36. Rxa1 Rxg4 37. Rxg4 axb4 38. Bf4 b5 39. Bc1 b3 40. Rg3 f6 41. Rxb3 Kf7 42. Bb2 Ra6 43. Rc1 Ke7 44. Rbc3 Kd6 45. Rxc6+ Rxc6 46. Rxc6+ Kxc6 47. Bd4 b4 48. Kf2 bxa3 49. Ke3 Kb5 50. Ba1 Kc4 51. Kd2 a2 52. Kc1 d4 53. Kc2 d3+ 54. Kd2 Kd5 55. Kxd3 Kc5 56. Ke3 Kd5 57. Kd2 Kc4 58. g4 Kd5 59. Kc2 Ke4 60. Kc3 Kf4 61. Kd4 Kxg4 62. Ke4 Kg5 63. Bb2 Kg4 64. Ba1 Kh5 65. Bb2 Kh4 66. Ba1 Kh3 67. Kf4 Kg2 68. Bb2 Kf2 69. Ba1 Ke2 70. Bb2 Kd3 71. Ba1 Kc2 72. Kg4 Kb1 73. Bd4 Kc2 74. Ba1 Kd3 75. Kh5 Ke4 76. Kg6 Kf4 77. Kxg7 Kxf5 78. Kf7 Ke4 79. Bxf6 Kd3 0-1

[Event "Knighthood Blitz"]
[Site "Vishy Anand Arena"]
[Date "2020.08.01"]
[Round "3"]
[White "Vinniethepooh"]
[Black "Gowthamchess1356"]
[Result "1-0"]
[WhiteElo "2210"]
[BlackElo "1620"]
[Annotator "NA"]
[PlyCount "89"]
[EventDate "2020.08.01"]
[EventType "swiss (blitz)"]

1. d4 d5 2. c4 e6 3. Nc3 Nf6 4. cxd5 exd5 5. Bg5 Be7 6. e3 O-O 7. Bd3 h6 8. Bh4 c6 9. Qc2 a6 10. Nge2 b5 11. O-O Bb7 12. f3 Nbd7 13. Rad1 Qc7 14. Bg3 Bd6 15. e4 Bxg3 16. Nxg3 dxe4 17. fxe4 c5 18. e5 Ng4 19. Qe2 cxd4 20. Qxg4 dxc3 21. Nh5 Qxe5 22. Qxd7 Qxh5 23. Qxb7 cxb2 24. Qe4 g6 25. Qd4 Rad8 26. Qxb2 Qc5+ 27. Qf2 Qxf2+ 28. Kxf2 Rd4 29. Bc2 Rfd8 30. Rxd4 Rxd4 31. Ke3 Rd6 32. Bb3 Rd7 33. Rf6 a5 34. Rxg6+ Kh7 35. Rb6 a4 36. Bc2+ Kg7 37. Rxb5 Re7+ 38. Kf3 Rc7 39. Bxa4 Rc3+ 40. Kf2 Ra3 41. Bb3 Ra7 42. Rf5 Rc7 43. Rxf7+ Rxf7+ 44. Bxf7 Kxf7 45. a4 1-0

[Event "Knighthood Blitz"]
[Site "Vishy Anand Arena"]
[Date "2020.08.01"]
[Round "3"]
[White "Skkeyan"]
[Black "Diptayan"]
[Result "0-1"]
[WhiteElo "2164"]
[BlackElo "2439"]
[PlyCount "154"]
[EventDate "2020.08.01"]
[EventType "swiss (blitz)"]

1. e4 c6 2. d4 d5 3. exd5 cxd5 4. Bd3 Nc6 5. c3 e6 6. Nf3 Bd6 7. O-O Nge7 8. b3 O-O 9. Bb2 f6 10. c4 Nf5 11. Bxf5 exf5 12. Nbd2 Be6 13. Re1 Qd7 14. c5 Bc7 15. Bc3 f4 16. b4 a6 17. a4 Na7 18. Nb3 Rfe8 19. Nfd2 Bf5 20. f3 g5 21. Nf1 Rxe1 22. Qxe1 Re8 23. Qd2 Kf7 24. Na5 Bxa5 25. bxa5 Nc6 26. g3 fxg3 27. Nxg3 Bg6 28. f4 g4 29. f5 Bxf5 30. Rf1 Bg6 31. Qh6 Qe6 32. Nh5 Qe3+ 33. Qxe3 Rxe3 34. Nxf6 Ke6 35. Bd2 Re2 36. Bc3 h5 37. Ng8 Be4 38. Rf2 Re3 39. Bd2 Rf3 40. Rxf3 Bxf3 41. Bc3 Ne7 42. Nxe7 Kxe7 43. Kf2 Ke6 44. Kg3 Kf5 45. Kh4 Kg6 46. c6 bxc6 47. Bb4 Bd1 48. Bc5 Bxa4 49. Kg3 Bd1 50. Be7 Bf3 51. Bc5 Be4 52. Bb6 Kf7 53. Bd8 Bg6 54. Bb6 Ke6 55. Bc5 Kf5 56. h3 Ke4 57. hxg4 hxg4 58. Kxg4 Kd3 59. Kg5 Be4 60. Kf6 Kc4 61. Ke5 Kb5 62. Bb6 Bd3 63. Kd6 Bc4 64. Bc5 Be2 65. Bb6 Bf3 66. Bc5 Be4 67. Bb6 Bc2 68. Bc5 Ba4 69. Bb6 Kb4 70. Kc7 Bb5 71. Bc5+ Kc4 72. Kd6 Kb3 73. Kc7 Ka4 74. Kb6 Kb3 75. Ka7 Kc4 76. Kb6 Ba4 77. Ka7 Kb5 0-1

[Event "Knighthood Blitz"]
[Site "Vishy Anand Arena"]
[Date "2020.08.01"]
[Round "3"]
[White "Mbachez90"]
[Black "Beastmaari"]
[Result "1-0"]
[WhiteElo "2153"]
[BlackElo "1737"]
[Annotator "NA"]
[PlyCount "47"]
[EventDate "2020.08.01"]
[EventType "swiss (blitz)"]

1. e4 c5 2. Nf3 e6 3. c3 d5 4. e5 Nc6 5. d4 Qb6 6. Na3 Bd7 7. Nc2 Nh6 8. Bxh6 gxh6 9. Rb1 a5 10. Be2 Rg8 11. g3 Be7 12. O-O h5 13. Qd2 O-O-O 14. dxc5 Qxc5 15. b4 axb4 16. Nxb4 Nxb4 17. cxb4 Qb6 18. a4 Bxa4 19. b5 h4 20. Qf4 hxg3 21. Qxa4 gxf2+ 22. Kh1 Kb8 23. Ra1 Bc5 24. Rfc1 1-0

[Event "Knighthood Blitz"]
[Site "Vishy Anand Arena"]
[Date "2020.08.01"]
[Round "3"]
[White "lsr"]
[Black "kutiktau"]
[Result "0-1"]
[WhiteElo "2147"]
[BlackElo "2670"]
[Annotator "TA"]
[PlyCount "144"]
[EventDate "2020.08.01"]
[EventType "swiss (blitz)"]

1. d4 Nf6 2. Bg5 Ne4 3. Bf4 c5 4. f3 Nf6 5. dxc5 b6 6. Nc3 Nc6 7. e4 bxc5 8. Bc4 e5 9. Bg5 h6 10. Bxf6 Qxf6 11. Nd5 Qd8 12. Ne2 Be7 13. O-O Bg5 14. c3 O-O 15. g3 d6 16. f4 exf4 17. Ndxf4 Ne5 18. Bd5 Rb8 19. b3 a5 20. a4 Ba6 21. c4 Bc8 22. Rb1 Bg4 23. Qc2 Qe7 24. Qc3 Bf6 25. Qc2 g6 26. Kh1 Kg7 27. Rf2 h5 28. Rbf1 h4 29. h3 hxg3 30. Nxg3 Bh4 31. Rg2 Rh8 32. Kg1 Bf3 33. Nf5+ Kf8 34. Nxe7 Bxg2 35. Nfxg6+ Kg7 36. Qxg2 fxg6 37. Rf7+ Kh6 38. Nc6 Rbe8 39. Nxe5 Rxe5 40. Rf4 Bg5 41. Rg4 Rf8 42. h4 Be3+ 43. Kh1 Rf6 44. Qe2 Bc1 45. Rg1 Bf4 46. Qg4 Rh5 47. Kg2 Be5 48. Rf1 Rxf1 49. Kxf1 Kg7 50. Qd7+ Kh6 51. Qd8 Bg7 52. Bf7 Re5 53. Qe8 Rxe8 54. Bxe8 Bf6 55. h5 Bh4 56. Kg2 Kg7 57. hxg6 Bg5 58. Bf7 Bf6 59. Kf3 Be5 60. Kg4 Kf6 61. Bd5 Kg7 62. Kf5 Bd4 63. Ke6 Be5 64. Kd7 Kxg6 65. Kc6 Kg5 66. Kb6 Bc3 67. Kc6 Kf4 68. Kb6 Be5 69. Kc6 Ke3 70. Kb5 Bc3 71. Kc6 Kd4 72. Kd7 Bb4 0-1

[Event "Knighthood Blitz"]
[Site "Vishy Anand Arena"]
[Date "2020.08.01"]
[Round "3"]
[White "Hickey"]
[Black "Gak_chess"]
[Result "0-1"]
[WhiteElo "2139"]
[BlackElo "2288"]
[PlyCount "48"]
[EventDate "2020.08.01"]
[EventType "swiss (blitz)"]

1. Nf3 d5 2. g3 g6 3. Bg2 Bg7 4. O-O e5 5. d3 Nc6 6. Nbd2 Nge7 7. c4 O-O 8. Rb1 a5 9. a3 Re8 10. b4 dxc4 11. Nxc4 axb4 12. axb4 Nd5 13. Bd2 Nd4 14. e3 Nb5 15. Qc2 c6 16. Rfc1 e4 17. dxe4 Ndc3 18. Bxc3 Nxc3 19. Rb3 Ra2 20. Rb2 Rxb2 21. Qxb2 Nxe4 22. Qe2 Nc3 23. Qc2 Bf5 24. Qb3 Ne2+ 0-1

[Event "Knighthood Blitz"]
[Site "Vishy Anand Arena"]
[Date "2020.08.01"]
[Round "3"]
[White "Shahildey"]
[Black "chessylife"]
[Result "1-0"]
[WhiteElo "2139"]
[BlackElo "2031"]
[PlyCount "59"]
[EventDate "2020.08.01"]
[EventType "swiss (blitz)"]

1. e3 d5 2. b3 Nf6 3. Bb2 g6 4. Nf3 Bg7 5. Be2 O-O 6. O-O c5 7. d4 Ne4 8. Nbd2 Nc6 9. c4 Nxd2 10. Qxd2 dxc4 11. Bxc4 Bg4 12. d5 Bxf3 13. gxf3 Ne5 14. Bxe5 Bxe5 15. Rad1 Qd7 16. Qe2 a6 17. f4 Bd6 18. a4 Rab8 19. Kh1 Qf5 20. Rg1 h6 21. Qf3 Kh7 22. Bd3 Qf6 23. Rg4 e5 24. Rdg1 Rg8 25. f5 g5 26. Qh3 Kg7 27. f4 exf4 28. exf4 Qd4 29. fxg5 Qxd5+ 30. Be4 1-0

[Event "Knighthood Blitz"]
[Site "Vishy Anand Arena"]
[Date "2020.08.01"]
[Round "3"]
[White "Harishankkar"]
[Black "Ishan2559"]
[Result "1-0"]
[WhiteElo "2120"]
[BlackElo "1559"]
[Annotator "NA"]
[PlyCount "93"]
[EventDate "2020.08.01"]
[EventType "swiss (blitz)"]

1. e4 e5 2. f4 exf4 3. e5 Nc6 4. Nf3 d6 5. exd6 Bxd6 6. d4 Nf6 7. Be2 O-O 8. O-O Re8 9. c4 Bg4 10. Nc3 b6 11. Kh1 a6 12. a3 Qe7 13. Bd2 Rab8 14. d5 Ne5 15. Nxe5 Bxe2 16. Qxe2 Qxe5 17. Qxe5 Bxe5 18. Bxf4 Bxf4 19. Rxf4 h6 20. Kg1 Nd7 21. Raf1 f6 22. Rd4 Nc5 23. b4 Nd7 24. d6 c6 25. Rfd1 Re6 26. Kf2 Rbe8 27. R1d2 g5 28. Na4 f5 29. c5 bxc5 30. Nxc5 Nxc5 31. bxc5 Rd8 32. Rb2 Re5 33. Rc4 Kf7 34. Rb7+ Ke6 35. Rb6 Kd5 36. Rc2 Re4 37. Rxa6 Rf4+ 38. Kg1 Re8 39. g3 Re1+ 40. Kg2 Rfe4 41. d7 R4e2+ 42. Rxe2 Rxe2+ 43. Kf1 g4 44. d8=Q+ Kxc5 45. Ra5+ Kc4 46. Kxe2 f4 47. Qd3# 1-0

[Event "Knighthood Blitz"]
[Site "Vishy Anand Arena"]
[Date "2020.08.01"]
[Round "3"]
[White "slienteyes"]
[Black "Gonda"]
[Result "1-0"]
[WhiteElo "2111"]
[BlackElo "1493"]
[PlyCount "111"]
[EventDate "2020.08.01"]
[EventType "swiss (blitz)"]

1. e4 c5 2. Nf3 d6 3. d4 cxd4 4. Nxd4 Nf6 5. Nc3 a6 6. Bg5 e5 7. Nf3 Be7 8. Be2 Be6 9. Bxf6 Bxf6 10. Nd5 Nd7 11. O-O O-O 12. c3 Be7 13. a4 Nf6 14. Qd3 h6 15. Rfd1 Rc8 16. Nxf6+ Bxf6 17. Qxd6 Qxd6 18. Rxd6 Rfd8 19. Rad1 Rxd6 20. Rxd6 Rd8 21. Rxd8+ Bxd8 22. Nxe5 Bc7 23. Nd3 Bb3 24. Nc5 Bc2 25. Nxb7 Bxe4 26. Bxa6 Bf4 27. Nc5 Bc6 28. b4 Bd2 29. b5 Bd5 30. b6 Bxc3 31. b7 Bxb7 32. Bxb7 Bb4 33. Nb3 Kf8 34. a5 Bxa5 35. Nxa5 Ke7 36. Kf1 f5 37. Ke2 g5 38. Ke3 Kd6 39. f4 g4 40. Bc8 h5 41. Bxf5 Ke7 42. Bg6 h4 43. g3 hxg3 44. hxg3 Kf6 45. f5 Kg5 46. Nc6 Kf6 47. Kf4 Kg7 48. Kg5 Kh8 49. f6 Kg8 50. f7+ Kf8 51. Nd4 Ke7 52. Ne6 Kd7 53. f8=Q Kc6 54. Be4+ Kb6 55. Qc5+ Ka6 56. Nc7# 1-0

[Event "Knighthood Blitz"]
[Site "Vishy Anand Arena"]
[Date "2020.08.01"]
[Round "3"]
[White "Girinathpds76"]
[Black "Gk06"]
[Result "0-1"]
[WhiteElo "2109"]
[BlackElo "2430"]
[Annotator "NA"]
[PlyCount "70"]
[EventDate "2020.08.01"]
[EventType "swiss (blitz)"]

1. e4 c5 2. Nf3 Nc6 3. Bb5 g6 4. O-O Bg7 5. c3 Nf6 6. Re1 O-O 7. h3 a6 8. Bf1 e5 9. d4 cxd4 10. cxd4 exd4 11. Nxd4 d5 12. e5 Ne4 13. Nxc6 bxc6 14. Nd2 Nc5 15. Nb3 Ne6 16. Qc2 Bb7 17. Na5 Qxa5 18. Bd2 Qd8 19. Bb4 Re8 20. Rac1 Rc8 21. Qa4 c5 22. Ba5 Qe7 23. Qb3 d4 24. Bc4 Rb8 25. Qg3 Bc6 26. b3 Bh6 27. Rcd1 Bf4 28. Qg4 h5 29. Qe2 Qg5 30. f3 Be3+ 31. Kh1 Nf4 32. Qf1 Qg3 33. Bd2 Nxg2 34. Bxe3 Nxe3 35. Rxe3 dxe3 0-1

[Event "Knighthood Blitz"]
[Site "Vishy Anand Arena"]
[Date "2020.08.01"]
[Round "3"]
[White "Position"]
[Black "Beradia"]
[Result "1-0"]
[WhiteElo "2099"]
[BlackElo "1632"]
[PlyCount "79"]
[EventDate "2020.08.01"]
[EventType "swiss (blitz)"]

1. e3 g6 2. f3 Bg7 3. Ne2 Nf6 4. Kf2 d5 5. d4 Nc6 6. b3 e5 7. Bb2 exd4 8. Nxd4 Nxd4 9. exd4 O-O 10. Bd3 c6 11. Nd2 Be6 12. Nf1 Qb6 13. Ng3 Nd7 14. c3 c5 15. Ne2 cxd4 16. Nxd4 Ne5 17. Re1 Nxd3+ 18. Qxd3 Rae8 19. Kf1 Bd7 20. Kg1 Bb5 21. Qd2 Re6 22. Kh1 Rxe1+ 23. Rxe1 Re8 24. Rxe8+ Bxe8 25. Qe3 Qa6 26. Kg1 Bc6 27. a4 Bxd4 28. Qxd4 Qe2 29. Qf2 Qd1+ 30. Qf1 Qc2 31. Qc1 Qxb3 32. a5 Bb5 33. h3 Qc4 34. Ba3 b6 35. axb6 axb6 36. Qh6 Qc8 37. Be7 d4 38. cxd4 Bd3 39. Bf6 Qc1+ 40. Qxc1 1-0

[Event "Knighthood Blitz"]
[Site "Vishy Anand Arena"]
[Date "2020.08.01"]
[Round "3"]
[White "Pavala"]
[Black "HarshPandit"]
[Result "1-0"]
[WhiteElo "2086"]
[BlackElo "1610"]
[PlyCount "57"]
[EventDate "2020.08.01"]
[EventType "swiss (blitz)"]

1. e4 e5 2. Nc3 Nf6 3. g3 Nc6 4. Bg2 Bc5 5. d3 h6 6. Nge2 d6 7. Be3 Bb6 8. Bxb6 axb6 9. O-O Be6 10. f4 exf4 11. Nxf4 Bd7 12. d4 O-O 13. Qd2 Re8 14. Rae1 Ra5 15. a3 Qc8 16. Qf2 Ng4 17. Qd2 Ne7 18. h3 Nf6 19. Qf2 Ng6 20. Nfd5 Nxd5 21. Qxf7+ Kh7 22. Nxd5 Bxh3 23. Nf6+ Kh8 24. Qxg6 gxf6 25. Qxh6+ Kg8 26. Qg6+ Kh8 27. Qxf6+ Kg8 28. Qg6+ Kh8 29. Bxh3 1-0

[Event "Knighthood Blitz"]
[Site "Vishy Anand Arena"]
[Date "2020.08.01"]
[Round "3"]
[White "ilamparthi"]
[Black "Fire_on_board"]
[Result "0-1"]
[WhiteElo "2082"]
[BlackElo "1620"]
[PlyCount "128"]
[EventDate "2020.08.01"]
[EventType "swiss (blitz)"]

1. Nf3 Nf6 2. g3 g6 3. Bg2 Bg7 4. O-O O-O 5. d3 d6 6. c4 Nbd7 7. Nc3 e5 8. Rb1 a5 9. a3 Ne8 10. b4 axb4 11. axb4 f5 12. Ng5 Ndf6 13. Nd5 h6 14. Nxf6+ Nxf6 15. Nf3 e4 16. dxe4 Nxe4 17. Bb2 Bxb2 18. Rxb2 Qf6 19. Qd4 Be6 20. Qxf6 Rxf6 21. Rc1 Ra4 22. Nd4 b6 23. f3 Ng5 24. f4 Ne4 25. Bxe4 fxe4 26. Kf2 g5 27. Ke3 Ra3+ 28. Rb3 Rxb3+ 29. Nxb3 b5 30. Nd2 bxc4 31. Nxc4 Rf5 32. Nd2 Rb5 33. Rxc7 Rxb4 34. Nxe4 d5 35. Nf6+ Kf8 36. Kf3 Rb3+ 37. Kf2 gxf4 38. gxf4 d4 39. Rc6 Kf7 40. Ne4 Rb2 41. Rc7+ Kf8 42. Nc5 Bg4 43. Nd3 Rxe2+ 44. Kg3 Bf5 45. Ne5 d3 46. Nd7+ Ke7 47. Nb6+ Kd6 48. Rc4 d2 49. Rd4+ Kc5 50. Rd5+ Kxb6 51. Kf3 Rxh2 52. Rd6+ Kc5 53. Rd8 h5 54. Ke3 h4 55. Kf3 Bc2 56. Rc8+ Kd4 57. Rd8+ Kc3 58. Ke3 d1=Q 59. Rc8+ Kb2 60. Rb8+ Kc1 61. f5 Re2+ 62. Kf4 Qf1+ 63. Kg5 Qxf5+ 64. Kh6 Qg6# 0-1

[Event "Knighthood Blitz"]
[Site "Vishy Anand Arena"]
[Date "2020.08.01"]
[Round "3"]
[White "Junosource"]
[Black "Varun_nair"]
[Result "1-0"]
[WhiteElo "2061"]
[BlackElo "1658"]
[PlyCount "87"]
[EventDate "2020.08.01"]
[EventType "swiss (blitz)"]

1. d4 Nf6 2. c4 d6 3. Nf3 g6 4. Nc3 Bg7 5. e4 e5 6. dxe5 dxe5 7. Qxd8+ Kxd8 8. Nxe5 Nxe4 9. Nxf7+ Ke7 10. Nxe4 Kxf7 11. Bd3 Re8 12. O-O Bf5 13. Ng5+ Kg8 14. Bxf5 gxf5 15. Rb1 Nc6 16. Be3 Ne5 17. b3 Ng4 18. Rfe1 Bh6 19. Bf4 Bxg5 20. Bxg5 h6 21. Bf4 c5 22. h3 Nf6 23. Bxh6 Rec8 24. f3 Rc7 25. Bf4 Rd7 26. Re5 Rad8 27. Rxc5 b6 28. Rxf5 Rf7 29. Bg5 Rd6 30. Re1 Kg7 31. Bxf6+ Rdxf6 32. Rxf6 Kxf6 33. Kf2 Kf5 34. g4+ Kf4 35. Re4+ Kg5 36. Kg3 Kg6 37. h4 Rf6 38. h5+ Kg5 39. f4+ Kh6 40. g5+ Kxh5 41. gxf6 Kg6 42. Re7 Kxf6 43. Rxa7 Ke6 44. Ra6 1-0

[Event "Knighthood Blitz"]
[Site "Vishy Anand Arena"]
[Date "2020.08.01"]
[Round "3"]
[White "Shiv01"]
[Black "duvvaabbulu"]
[Result "1-0"]
[WhiteElo "2059"]
[BlackElo "1623"]
[Annotator "NA"]
[PlyCount "41"]
[EventDate "2020.08.01"]
[EventType "swiss (blitz)"]

1. e4 d6 2. d4 Nf6 3. Nc3 Nbd7 4. Nf3 e5 5. Be2 Be7 6. O-O O-O 7. h3 c6 8. Be3 Qc7 9. Qd2 a6 10. a4 Re8 11. a5 Bf8 12. Rfe1 exd4 13. Bxd4 Nxe4 14. Nxe4 Rxe4 15. Ng5 Re8 16. Nxf7 Kxf7 17. Bh5+ g6 18. Qf4+ Kg8 19. Rxe8 c5 20. Bc3 b6 21. Qc4+ 1-0